Statistics for General Knowledge Quiz #86

Click here to take the quiz!

General Stats

  • This quiz has been taken 85,956 times
    (52,946 since last reset)
  • The average score is 11 of 20

Answer Stats

QuestionAnswer% Correct
What is the world's largest coral reef system?Great Barrier Reef
83%
What is the animal with the longest gestation period - up to 22 months?Elephant
81%
What boy band was Harry Styles a member of?One Direction
79%
Traditionally, when a man bows what will a woman do?Curtsey
71%
Whose "locker" can be found at the bottom of the sea?Davy Jones's
70%
In addition to sine and cosine, what is the third main function of trigonometry?Tangent
70%
What hip hop group is named for traditional tabletop condiments?Salt-n-Pepa
67%
What is the common name of the clavicle?Collarbone
66%
What was the middle name of author Arthur Doyle?Conan
66%
What language is most commonly spoken in Flanders?Dutch
65%
What taxonomic rank comes between Family and Species?Genus
55%
What does a menorah hold?Candles
48%
What country is sometimes known as Cathay?China
45%
What word means to pay 10% of your earnings to a church?Tithe
44%
What country inspired Starbucks - but had no Starbucks locations until 2018?Italy
43%
What city is the "Gateway" to the American West?St. Louis
39%
What word is repeated before "toil and trouble" in "Macbeth"?Double
36%
What did my true love give to me on twelfth day of Christmas?Twelve Drummers Drumming
30%
What could Jack Sprat's wife not eat?Lean
28%
What is the name of this typographical symbol: †
(hint: a weapon)
Dagger
20%

Score Distribution

Percentile by Number Answered

Percent of People with Each Score

Your Score History

You have not taken this quiz since the last reset